LEADER 00953nam a2200241 u 4500 001 000000106175 003 CaOOAMICUS 005 20070710112709.0 008 070710s1964 it u000 u ita u 040 $aPUL$bita$dGP 245 00$aCusano e Galileo . 260 $aPadova :$bCEDAM,$c1964. 300 $a126 p. ;$c24 cm. 490 1 $aArchivio di filosofia ;$vanno [32] (1964) 600 14$aCusanus, Nicolaus,$ccard.,$d1401-1464.$0(OLS)http://pul/subject/1375 600 14$aGalilei, Galileo,$d1564-1642.$0(OLS)http://pul/subject/2137 830 0$aArchivio di filosofia (CEDAM).$0(OLS)http://pul/title/133675 850 $aPUL 852 $aPUL$W1$xSL Filosofia 1$y2$m97 L 32.3$j119244$aAnno 32, n. 3 (1964).$qStampati$B119134$CPULBib$Z2$F119134 $82 941 1 $a8 983 0$aArchivio di filosofia (Fabrizio Serra) 996 $6245$aCusano e Galileo $9(OLS)http://pul/title/133710 996 $6260$aPadova :$bCEDAM$9(OLS)http://pul/publisher/48126 LEADER 01887namaa2200397 i 4500 001 000000177167 003 CaOOAMICUS 005 20240903105656.0 008 240903s2018 it u000 u ita r 020 $a978-88-308-1640-4* 032 $aLibriCat 040 $aPUL$bita$erda 082 04$a241.042 110 2 $aAssociazione Teologica Italiana per lo Studio della Morale.$bSeminario nazionale$n(10$d2017$cAlghero).$0(OLS)http://pul/name/113905 245 03$aLa teologia morale dopo l'Amoris laetitia :$batti del X Seminario nazionale dell'ATISM (Alghero, 3-7 luglio 2017) /$ca cura di Salvatore Cipressa. 250 $aPrima edizione. 260 $aAssisi :$bCittadella,$cİ2018. 300 $a184 pagine ;$c21 cm 336 $atesto$2rdacontent 337 $asenza mediazione$2rdamedia 338 $avolume$2rdacarrier 490 1 $aQuestioni di etica teologica 504 $aInclude riferimenti bibliografici. 610 24$aPapi (2013-2025 : Franciscus)$tAmoris laetitia.$0(OLS)http://pul/subject/43315 650 4$aTeologia del matrimonio.$0(OLS)http://pul/subject/33245 650 4$aTeologia morale$xCongressi.$0(OLS)http://pul/subject/19785 700 1 $aCipressa, Salvatore,$csac.,$d1961-$0(OLS)http://pul/name/48657 830 0$aQuestioni di etica teologica.$0(OLS)http://pul/title/106064 850 $aPUL 852 $aPUL$W1$xSL Religione 3$y85$m241 CIPSA 2$j201151$qDDC 21$B206118$CPULBib$Z2$F206118 $H137373 $82 941 1 $a9 996 $6020$a978-88-308-1640-4*$9(OLS)http://pul/number/169995 996 $6082$a241.042$9(OLS)http://pul/classification/2074 996 $6245$aLa teologia morale dopo l'Amoris laetitia :$batti del X Seminario nazionale dell'ATISM (Alghero, 3-7 luglio 2017)$9(OLS)http://pul/title/218680 996 $6260$aAssisi :$bCittadella$9(OLS)http://pul/publisher/49668